Państwa graniczące z Chinami - Statystyki

Ogólne statystyki
  • Ten quiz został rozwiązany 8 razy
  • Średni wynik to 13 z 14
Statystyki odpowiedzi
Państwa % Poprawnych
Afganistan
100%
Indie
100%
Kazachstan
100%
Korea Północna
100%
Mongolia
100%
Rosja
100%
Bhutan
86%
Laos
86%
Mjanma
86%
Nepal
86%
Pakistan
86%
Tadżykistan
86%
Kirgistan
71%
Wietnam
71%
Nie znaleziono quizów pasujących do podanych kryteriów
Rozkład punktacji
Procent ludzi z każdym wynikiem
Percentyl według liczby udzielonych odpowiedzi
Twoja historia wyników
Nie rozwiązałeś tego quizu